| 000 | 00351nam a2200133Ia 4500 | ||
|---|---|---|---|
| 008 | 240624s9999 xx 000 0 und d | ||
| 041 | _aeng | ||
| 082 | _a363.731 AND | ||
| 100 | _aANDERSON RAY C | ||
| 245 | _aBUSINESS LESSONS FROM A RADICAL INDUSTRI | ||
| 260 |
_c2011 _aUSA _bMcClelland & Stewart |
||
| 300 | _axxii, 308 p.; 23 cm. | ||
| 365 |
_c _b35 |
||
| 999 |
_c31544 _d31544 |
||